Boľšije techničeskije sistemy /

Gespeichert in:
Bibliographische Detailangaben
Hauptverfasser: Sarkisjan, S.A (Verfasst von), Achundov, V.M (Verfasst von), Minajev, J.S (Verfasst von)
Format: Buch
Sprache:Russisch
Veröffentlicht: Moskva : Nauka, 1977
Tags: Tag hinzufügen
Keine Tags, Fügen Sie das erste Tag hinzu!

MARC

LEADER 00000nam a22000003a 4500
001 stu41746
005 20150617225722.7
008 940119s1977----xxr-----------------rus-d
040 |a STU  |b slo 
041 0 |a rus 
044 |a xxr 
100 1 |a Sarkisjan, S.A  |4 aut 
245 1 |a Boľšije techničeskije sistemy /  |c [aut.]S.A. Sarkisjan, V.M. Achundov, J.S. Minajev 
260 |a Moskva :  |b Nauka,  |c 1977 
300 |a 349 s 
700 1 |a Achundov, V.M  |4 aut 
700 1 |a Minajev, J.S  |4 aut 
996 |b 284M012244  |c M*6186-1  |l MMKN  |s A  |a 24  |w stu41746_0001